Finale Platzierung der Bundesliga 2021/2022 - Statistiken

Allgemein
  • Dieses Quiz wurde 221 mal gespielt
    203 seit der letzten Aktualisierung
  • Das Durchschnittsergebnis liegt bei 15 aus 18
Antwortstatistiken
Position Punkte Ergebnis Mannschaft % Korrekt
#01 77 Champions League Bayern München
98%
#02 69 Champions League Borussia Dortmund
98%
#04 58 Champions League RB Leipzig
94%
#03 64 Champions League Leverkusen
90%
#05 57 Europa League Union Berlin
90%
#06 55 Europa League Freiburg
88%
#07 52 Conference League Köln
86%
#15 33 / Stuttgart
86%
#16 33 Play-out Abstieg Hertha
84%
#09 46 / Hoffenheim
82%
#12 42 / Wolfsburg
82%
#11 42 / Eintracht
81%
#14 38 / Augsburg
80%
#13 42 / Bochum
79%
#17 28 Abstieg Arminia Bielefeld
76%
#08 46 / Mainz
76%
#18 18 Abstieg Greuther Fürth
70%
#10 45 / Borussia M'Gladbach
68%
Keine übereinstimmenden Quizze gefunden
Verteilung der Resultate
Anzahl Personen mit jedem Resultat
Perzentil nach korrekt beantworteten Fragen
Ihre Resultats-Entwicklung
Sie haben dieses Quiz seit der letzten Aktualisierung nicht gespielt